000 00376nam a2200145Ia 4500
008 191201s2005 xx 000 0 und d
082 _a629.831
_bJAT
100 _aJAIN, N K
245 2 _aA Text book of Automatic Control Systems Engineering
250 _a2nd
260 _aN.Delhi
_bDhanpat Rai Pub (P) Ltd
_c2005
300 _a1198
650 _aB.Tech(ECE)
942 _2ddc
_cBK
999 _c877
_d877